• 首页
  • 本馆介绍
  • 公告通知
  • 最新文献
  • 馆藏检索
  • 电子资源
  • 读者导购
  • 参考咨询
  • 我的图书馆
  • 登录
  • 详细信息显示
  • 放入我的书架
  • 预约/预借图书
  • 作者相关作品
  • 分类相关作品
  • 丛书相关作品
  • 出版社相关作品

书目信息

  • 表格格式
  • 工作单格式
  • 卡片格式
题名:
逻辑与语言研究
    
 
作者: ;逻辑与语言研究会 编
分册: (3)  
出版信息: 北京   中国社会科学出版社  1983.12
页数: 246页
开本: 19cm
丛书名:
单 册:
中图分类: B81-05
科图分类:
主题词: 逻辑--科学--关系
电子资源:
ISBN:
000 00665nam0 2200229 45
001 0180005732
005 20050531083726.7
010    @dCNY0.76
091    @a2190.071
100    @a19950523f19831983em y0chiy0121 ea
101 0  @achi
102    @aCN@b110000
105    @ay z 000yy
200 10 @a逻辑与语言研究@Aluo ji yu yu yan yan jiu@h(3)@f逻辑与语言研究会编@FLuo Ji Yu Yu Yan Yan Jiu Hui Bian
210    @a北京@c中国社会科学出版社@d1983.12
215    @a246页@d19cm
606 0  @a逻辑@x科学@x关系
690    @aB81-05@v3
711 02 @a逻辑与语言研究会@4编
801  0 @aCN@b上海图书馆@c20040420
801  2 @aCN@bNLC@c20040420
905    @dB81-05@e14:3@f1@b102658
    
    逻辑与语言研究.(3)/逻辑与语言研究会编.-北京:中国社会科学出版社,1983.12
    246页;19cm
    
    
    ISBN :CNY0.76
    
●
相关链接 在E读中查询图书 在五车中查询图书 在当当中查询图书 在豆瓣中查询图书


正题名:逻辑与语言研究     索取号:B81-05/14:3         预约/预借

序号 登录号 条形码 馆藏地/架位号 状态 备注
1 0102656   000523918   密集书库/ [索取号:B81-05/14:3] 在馆    
2 0102657   000523909   密集书库/ [索取号:B81-05/14:3] 在馆    
3 0102658   000509587   第一样本阅览室/ [索取号:B81-05/14:3] 在馆    
4 0151154   000509578   密集书库/ [索取号:B81-05/14:3] 在馆    
5 0151155   000509569   密集书库/ [索取号:B81-05/14:3] 在馆    
6 0151156   000509550   密集书库/ [索取号:B81-05/14:3] 在馆    
7 0151157   000509541   密集书库/ [索取号:B81-05/14:3] 在馆    
8 0151158   000523892   密集书库/ [索取号:B81-05/14:3] 在馆    
唐山师范学院图书馆 欢迎您!
大连网信软件有限公司© 版权所有